[Event "Oberursel Anderssen Memorial 1st"]
[Site "Oberursel"]
[Date "2018.09.07"]
[Round "7"]
[White "Luebbers, Doris"]
[Black "Van Houten, Henk"]
[Result "0-1"]
[WhiteElo "1515"]
[BlackElo "1636"]
[PlyCount "70"]
[EventDate "2018.09.01"]
[EventType "swiss"]
[EventRounds "7"]
[EventCountry "GER"]
[SourceTitle "CBM 186 Extra"]
[Source "ChessBase"]
[SourceDate "2018.08.24"]
[SourceVersion "1"]
[SourceVersionDate "2018.08.24"]
[SourceQuality "1"]

1. d4 d5 2. Nf3 e6 3. g3 Bd6 4. Bg2 c6 5. 0-0 Nd7 6. b3 Ngf6 7. Ba3 Bxa3 8. Nxa3 0-0 9. c4 a6 10. cxd5 Nxd5 11. Nc4 f6 12. Qd2 Qe7 13. Rfe1 Qb4 14. e3 a5 15. Qxb4 axb4 16. Rec1 Rd8 17. Ne1 N7b6 18. Nxb6 Nxb6 19. Nd3 e5 20. Nxb4 exd4 21. exd4 Rxd4 22. Nc2 Rd2 23. Be4 f5 24. Bf3 Be6 25. Bd1 Nd5 26. a4 Rd8 27. Na3 Nb4 28. Nc4 Bxc4 29. bxc4 R8d3 30. Kf1 Rb2 31. Be2 Rdd2 32. Rab1 Rxe2 33. Rxb2 Rxb2 34. Rd1 b6 35. Rd4 g6 0-1

[Event "Schleswig Holstein-ch Seniors op 11th"]
[Site "Buesum"]
[Date "2017.09.14"]
[Round "7"]
[White "Gebuhr, Guenter"]
[Black "Van Houten, Henk"]
[Result "1-0"]
[WhiteElo "1961"]
[BlackElo "1645"]
[PlyCount "61"]
[EventDate "2017.09.08"]
[EventType "swiss"]
[EventRounds "9"]
[EventCountry "GER"]
[SourceTitle "EXT 2019"]
[Source "ChessBase"]
[SourceDate "2018.10.10"]
[SourceVersion "1"]
[SourceVersionDate "2018.10.10"]
[SourceQuality "1"]

1. e4 d6 2. d4 g6 3. Nf3 Bg7 4. Be2 Nd7 5. 0-0 e6 6. Nc3 b6 7. Bf4 Bb7 8. Qd2 h6 9. Rad1 a6 10. h3 Qe7 11. Rfe1 0-0-0 12. d5 e5 13. Be3 f5 14. g3 fxe4 15. Nxe4 Ngf6 16. Nxf6 Qxf6 17. Nh2 Qf7 18. Bg4 Kb8 19. Be6 Qe7 20. Ng4 g5 21. c4 Nc5 22. Bxc5 bxc5 23. b4 h5 24. Ne3 Qf6 25. bxc5 dxc5 26. Rb1 Rd6 27. Qa5 Rf8 28. Rf1 Rxe6 29. dxe6 Qf3 30. Nd5 Rc8 31. Qxa6 1-0

[Event "Sachsen-ch Seniors op"]
[Site "Dresden"]
[Date "2016.11.05"]
[Round "6"]
[White "Van Houten, Henk"]
[Black "Gerling, Lothar"]
[Result "1-0"]
[WhiteElo "1651"]
[BlackElo "1785"]
[PlyCount "83"]
[EventDate "2016.10.31"]
[EventType "swiss"]
[EventRounds "9"]
[EventCountry "GER"]
[SourceTitle "EXT 2019"]
[Source "ChessBase"]
[SourceDate "2018.10.10"]
[SourceVersion "1"]
[SourceVersionDate "2018.10.10"]
[SourceQuality "1"]

1. b3 e5 2. Bb2 d6 3. d3 Nf6 4. Nd2 g6 5. g3 Bg7 6. Bg2 0-0 7. e3 a5 8. Ne2 Na6 9. a3 Rb8 10. 0-0 Re8 11. Nc4 b6 12. d4 Bb7 13. Bxb7 Rxb7 14. dxe5 Ne4 15. exd6 Bxb2 16. Nxb2 cxd6 17. Nd4 Qd7 18. Nd3 Nac5 19. Nxc5 dxc5 20. Nb5 Qe6 21. Qe2 Rd7 22. Rad1 Red8 23. Rxd7 Qxd7 24. Nc3 Nf6 25. Rd1 Qe8 26. Rxd8 Qxd8 27. Qd3 Qe7 28. Nd5 Nxd5 29. Qxd5 Qf6 30. Qd1 Kg7 31. Kg2 Qc6+ 32. f3 f5 33. Qa1+ Kh6 34. Qh8 Qb7 35. Qf8+ Qg7 36. Qxg7+ Kxg7 37. e4 fxe4 38. fxe4 b5 39. e5 Kf7 40. Kf3 h5 41. a4 bxa4 42. bxa4 1-0

[Event "Schleswig Holstein-ch Seniors op 10th"]
[Site "Buesum"]
[Date "2016.09.29"]
[Round "4"]
[White "Schulz, Gerhard1111"]
[Black "Van Houten, Henk"]
[Result "1-0"]
[WhiteElo "1811"]
[BlackElo "1651"]
[PlyCount "49"]
[EventDate "2016.09.26"]
[EventType "swiss"]
[EventRounds "9"]
[EventCountry "GER"]
[SourceTitle "EXT 2019"]
[Source "ChessBase"]
[SourceDate "2018.10.10"]
[SourceVersion "1"]
[SourceVersionDate "2018.10.10"]
[SourceQuality "1"]

1. d4 d5 2. Nf3 Nf6 3. e3 e6 4. Bd3 Be7 5. Nbd2 Nbd7 6. c3 0-0 7. 0-0 Re8 8. e4 dxe4 9. Nxe4 Nxe4 10. Bxe4 c6 11. Re1 Nf8 12. Bf4 g5 13. Bd2 f5 14. Bc2 Kg7 15. Ne5 Ng6 16. Qh5 Nxe5 17. Rxe5 Bf6 18. Re2 Bd7 19. Rae1 Rh8 20. Bb3 Be8 21. Qf3 g4 22. Qf4 h6 23. Bxe6 Bg6 24. Bxf5 Qb8 25. Qxg4 1-0

[Event "Rheinland Pfalz op Seniors 14th"]
[Site "Neustadt an der Weinstrasse"]
[Date "2016.07.21"]
[Round "6"]
[White "Van Houten, Henk"]
[Black "Hennrich, Reinhard"]
[Result "0-1"]
[WhiteElo "1672"]
[BlackElo "1832"]
[PlyCount "96"]
[EventDate "2016.07.16"]
[EventType "swiss"]
[EventRounds "9"]
[EventCountry "GER"]
[SourceTitle "EXT 2019"]
[Source "ChessBase"]
[SourceDate "2018.10.10"]
[SourceVersion "1"]
[SourceVersionDate "2018.10.10"]
[SourceQuality "1"]

1. b3 d5 2. Bb2 Nd7 3. a3 Ngf6 4. Nf3 g6 5. d3 Bg7 6. Nbd2 0-0 7. e4 dxe4 8. Nxe4 c6 9. Be2 Qa5+ 10. b4 Qb6 11. 0-0 a5 12. Bd4 Qc7 13. Rb1 Nd5 14. Bxg7 Kxg7 15. c4 Nf4 16. Qd2 Nxe2+ 17. Qxe2 Qf4 18. Qe3 Qxe3 19. fxe3 axb4 20. axb4 Ra3 21. Nf2 Nf6 22. h3 Bd7 23. Ra1 Rfa8 24. Rxa3 Rxa3 25. Nd4 Ra2 26. Rb1 Nh5 27. Ne4 b6 28. g4 Nf6 29. Nxf6 Kxf6 30. c5 b5 31. Rf1+ Kg7 32. Rf2 Ra3 33. Rd2 Ra4 34. Rb2 Ra1+ 35. Kf2 Ra3 36. Rb3 Ra2+ 37. Kf3 e5 38. Ne2 Be6 39. Rb1 h6 40. Nc3 Ra3 41. Ne4 Rxd3 42. Nf2 Ra3 43. Rd1 Bd5+ 44. Ne4 Rb3 45. Rxd5 cxd5 46. c6 dxe4+ 47. Kxe4 Rxb4+ 48. Kd5 Rc4 0-1

[Event "Rheinland Pfalz op Seniors 14th"]
[Site "Neustadt an der Weinstrasse"]
[Date "2016.07.20"]
[Round "5"]
[White "Fey, Karl Heinz"]
[Black "Van Houten, Henk"]
[Result "0-1"]
[WhiteElo "1335"]
[BlackElo "1672"]
[PlyCount "54"]
[EventDate "2016.07.16"]
[EventType "swiss"]
[EventRounds "9"]
[EventCountry "GER"]
[SourceTitle "EXT 2019"]
[Source "ChessBase"]
[SourceDate "2018.10.10"]
[SourceVersion "1"]
[SourceVersionDate "2018.10.10"]
[SourceQuality "1"]

1. Nf3 g6 2. c4 c5 3. e4 Bg7 4. Be2 Nc6 5. d3 Nd4 6. Nc3 Nxe2 7. Qxe2 e6 8. Bg5 Bxc3+ 9. bxc3 Qa5 10. Qb2 f6 11. Bh6 Nxh6 12. Nd2 Qc7 13. f3 0-0 14. 0-0-0 b6 15. g4 Bb7 16. h4 Nf7 17. Rdf1 Qf4 18. Kc2 Ne5 19. Rf2 Qe3 20. Rhf1 Nxd3 21. Qb5 Bc6 22. Qb1 Ba4+ 23. Qb3 Bxb3+ 24. Kxb3 Nxf2 25. Nb1 b5 26. Re1 bxc4+ 27. Ka4 Qxe1 0-1

[Event "Rheinland Pfalz op Seniors 14th"]
[Site "Neustadt an der Weinstrasse"]
[Date "2016.07.16"]
[Round "1"]
[White "Duijker, Bert"]
[Black "Van Houten, Henk"]
[Result "1-0"]
[WhiteElo "1918"]
[BlackElo "1672"]
[PlyCount "39"]
[EventDate "2016.07.16"]
[EventType "swiss"]
[EventRounds "9"]
[EventCountry "GER"]
[SourceTitle "EXT 2019"]
[Source "ChessBase"]
[SourceDate "2018.10.10"]
[SourceVersion "1"]
[SourceVersionDate "2018.10.10"]
[SourceQuality "1"]

1. Nf3 b6 2. d4 Bb7 3. c4 Bxf3 4. exf3 d5 5. Nc3 e6 6. a3 Nf6 7. Bg5 Be7 8. Bd3 h6 9. Be3 c6 10. 0-0 Bd6 11. Rc1 Qc7 12. g3 dxc4 13. Bxc4 Qb7 14. Re1 0-0 15. Ne4 Be7 16. Qb3 Nxe4 17. fxe4 b5 18. d5 Qa6 19. Bf1 e5 20. dxc6 1-0

[Event "Hessen-ch Seniors op 12th"]
[Site "Bad Sooden-Allendorf"]
[Date "2016.05.05"]
[Round "6"]
[White "Van Houten, Henk"]
[Black "Girod, Gudrun"]
[Result "1/2-1/2"]
[WhiteElo "1728"]
[BlackElo "1497"]
[PlyCount "62"]
[EventDate "2016.04.30"]
[EventType "swiss"]
[EventRounds "9"]
[EventCountry "GER"]
[SourceTitle "EXT 2019"]
[Source "ChessBase"]
[SourceDate "2018.10.10"]
[SourceVersion "1"]
[SourceVersionDate "2018.10.10"]
[SourceQuality "1"]

1. b3 e6 2. Bb2 d5 3. Nf3 Nf6 4. a3 Be7 5. d3 h6 6. Nbd2 0-0 7. e4 dxe4 8. dxe4 c6 9. Bd3 Nbd7 10. 0-0 b6 11. b4 Bb7 12. Qe2 c5 13. c3 Qc7 14. b5 Ne5 15. Nxe5 Qxe5 16. f4 Qc7 17. c4 Nh7 18. e5 f5 19. exf6 Bxf6 20. Qxe6+ Kh8 21. Bxf6 Nxf6 22. Qe5 Qd8 23. Qc3 Re8 24. Rae1 Qd6 25. Be2 Rad8 26. Nf3 Bxf3 27. Rxf3 Qd2 28. Qxd2 Rxd2 29. Rf2 Red8 30. Bf3 R2d4 31. g3 Rxc4 1/2-1/2

[Event "Hessen-ch Seniors op 12th"]
[Site "Bad Sooden-Allendorf"]
[Date "2016.05.03"]
[Round "4"]
[White "Van Houten, Henk"]
[Black "Freerksen, Uwe"]
[Result "0-1"]
[WhiteElo "1728"]
[BlackElo "1458"]
[PlyCount "117"]
[EventDate "2016.04.30"]
[EventType "swiss"]
[EventRounds "9"]
[EventCountry "GER"]
[SourceTitle "EXT 2019"]
[Source "ChessBase"]
[SourceDate "2018.10.10"]
[SourceVersion "1"]
[SourceVersionDate "2018.10.10"]
[SourceQuality "1"]

1. b3 e5 2. Bb2 Nc6 3. d3 d6 4. Nd2 Nf6 5. Ngf3 Be7 6. g3 b6 7. Bg2 Bb7 8. 0-0 0-0 9. a3 Qc8 10. Re1 a5 11. e4 Bd8 12. Nc4 h6 13. Ne3 Ne7 14. c4 c5 15. Nd5 Nexd5 16. exd5 Ra7 17. Nd2 Qb8 18. Ne4 Bc8 19. Bc1 Nh7 20. f3 f5 21. Nc3 f4 22. Ne4 fxg3 23. hxg3 Raf7 24. Ra2 Nf6 25. Rf2 Nxe4 26. dxe4 Qc7 27. f4 Bd7 28. f5 b5 29. cxb5 Bxb5 30. a4 Ba6 31. Qg4 Rf6 32. Bf1 c4 33. Rc2 Qb6+ 34. Re3 cxb3 35. Rb2 Bxf1 36. Kxf1 Qc5 37. Qd1 Qc4+ 38. Ree2 Qxa4 39. Qxb3 Qxb3 40. Rxb3 Rg6 41. Kg2 Rg4 42. Ba3 Be7 43. Rb6 Rf6 44. Ra6 h5 45. Bc1 h4 46. Rxa5 Rxg3+ 47. Kh2 Rf8 48. Ra7 Re8 49. Be3 Kh7 50. Bf2 Rc3 51. Be3 Bf8 52. f6 Rec8 53. Kh3 R8c4 54. Kxh4 Rxe4+ 55. Kg5 Rexe3 56. Rh2+ Rh3 57. Rxh3+ Rxh3 58. Rf7 Kg8 59. Rd7 0-1

[Event "Hessen-ch Seniors op 11th"]
[Site "Bad Sooden-Allendorf"]
[Date "2015.05.17"]
[Round "9"]
[White "Mayeres, Hans Christian"]
[Black "Van Houten, Henk"]
[Result "1-0"]
[WhiteElo "1925"]
[BlackElo "1791"]
[PlyCount "54"]
[EventDate "2015.05.09"]
[EventType "swiss"]
[EventRounds "9"]
[EventCountry "GER"]
[SourceTitle "EXT 2018"]
[Source "ChessBase"]
[SourceDate "2017.10.13"]
[SourceVersion "1"]
[SourceVersionDate "2017.10.13"]
[SourceQuality "1"]

1. c4 e5 2. Nc3 Nf6 3. g3 c6 4. Nf3 Qc7 5. d4 d6 6. Bg2 Be7 7. 0-0 0-0 8. Bg5 h6 9. Bd2 Nh7 10. e4 a6 11. Rc1 Bg4 12. Be3 Ng5 13. Rc2 Nxf3+ 14. Bxf3 Bxf3 15. Qxf3 Nd7 16. Qe2 Bf6 17. d5 c5 18. f4 exf4 19. gxf4 Bd4 20. Qf2 Bxe3 21. Qxe3 Qd8 22. Qh3 Kh7 23. Rg2 g6 24. Kh1 Rg8 25. e5 Nf8 26. Ne4 Nd7 27. Nxd6 f5 1-0

[Event "Hessen-ch Seniors op 11th"]
[Site "Bad Sooden-Allendorf"]
[Date "2015.05.14"]
[Round "6"]
[White "Fleischer, Matthias"]
[Black "Van Houten, Henk"]
[Result "1-0"]
[WhiteElo "1923"]
[BlackElo "1791"]
[PlyCount "85"]
[EventDate "2015.05.09"]
[EventType "swiss"]
[EventRounds "9"]
[EventCountry "GER"]
[SourceTitle "EXT 2018"]
[Source "ChessBase"]
[SourceDate "2017.10.13"]
[SourceVersion "1"]
[SourceVersionDate "2017.10.13"]
[SourceQuality "1"]

1. d4 d5 2. Nf3 Nf6 3. Bg5 e6 4. e3 Be7 5. Bxf6 Bxf6 6. Bd3 Nd7 7. Nbd2 c5 8. c3 c4 9. Bc2 b5 10. Qe2 Bb7 11. e4 g6 12. e5 Bg7 13. h4 Qe7 14. Ng5 Nf8 15. f4 h6 16. Ngf3 Bc6 17. g4 Bd7 18. a4 bxa4 19. Bxa4 Rb8 20. Nf1 Bxa4 21. Rxa4 Qb7 22. Rb4 Qc7 23. Rxb8+ Qxb8 24. Ne3 f5 25. exf6 Bxf6 26. Nxd5 Be7 27. Nxe7 Kxe7 28. Ne5 Qb7 29. Rh2 Qa6 30. Kf2 Qa2 31. Kg3 Qa6 32. Qxc4 Qxc4 33. Nxc4 Nd7 34. g5 h5 35. Re2 Rc8 36. Ne5 Nf8 37. Nd3 Kd6 38. Nc5 Rc7 39. Kf3 Rf7 40. Re5 Rf5 41. Re1 Rf7 42. Ra1 e5 43. Ne4+ 1-0

[Event "Hessen-ch Seniors op 11th"]
[Site "Bad Sooden-Allendorf"]
[Date "2015.05.13"]
[Round "5"]
[White "Van Houten, Henk"]
[Black "Storkebaum, Karl Heinrich"]
[Result "1/2-1/2"]
[WhiteElo "1791"]
[BlackElo "1927"]
[PlyCount "65"]
[EventDate "2015.05.09"]
[EventType "swiss"]
[EventRounds "9"]
[EventCountry "GER"]
[SourceTitle "EXT 2018"]
[Source "ChessBase"]
[SourceDate "2017.10.13"]
[SourceVersion "1"]
[SourceVersionDate "2017.10.13"]
[SourceQuality "1"]

1. b3 d5 2. Bb2 c5 3. e3 a6 4. d4 Nf6 5. Nf3 e6 6. a3 b5 7. dxc5 Bxc5 8. Bd4 Nbd7 9. Bxc5 Nxc5 10. Bd3 Bb7 11. Nbd2 Qc7 12. b4 Nxd3+ 13. cxd3 Qc3 14. Ke2 Rc8 15. Qc1 0-0 16. Qxc3 Rxc3 17. Rhc1 Rfc8 18. Rxc3 Rxc3 19. h3 Kf8 20. Ne1 e5 21. a4 bxa4 22. Rxa4 Ke7 23. Ra2 Kd6 24. Rc2 Rxc2 25. Nxc2 Bc6 26. Na3 Nd7 27. Nb3 Ba4 28. Na5 Kc7 29. Kd2 f5 30. g3 Nb8 31. Kc3 g5 32. f4 gxf4 33. gxf4 1/2-1/2

[Event "Schleswig Holstein-ch Seniors op"]
[Site "Buesum"]
[Date "2014.09.29"]
[Round "5"]
[White "Van Dongen, Rob"]
[Black "Van Houten, Henk"]
[Result "1-0"]
[WhiteElo "1947"]
[BlackElo "1767"]
[PlyCount "47"]
[EventDate "2014.09.25"]
[EventType "swiss"]
[EventRounds "9"]
[EventCountry "GER"]
[SourceTitle "EXT 2018"]
[Source "ChessBase"]
[SourceDate "2017.10.13"]
[SourceVersion "1"]
[SourceVersionDate "2017.10.13"]
[SourceQuality "1"]

1. d4 d5 2. Nf3 e6 3. e3 Nf6 4. Bd3 Be7 5. Nbd2 Nbd7 6. 0-0 0-0 7. Qe2 Re8 8. e4 dxe4 9. Nxe4 Nxe4 10. Qxe4 Nf8 11. Bf4 f5 12. Qe2 c6 13. c3 g5 14. Be5 g4 15. Nd2 Ng6 16. f3 Nxe5 17. Qxe5 Bd6 18. Qe2 g3 19. h3 b5 20. f4 Qc7 21. Qf3 Bb7 22. Qxg3+ Kh8 23. Qe3 e5 24. fxe5 1-0